00350nam a2200133Ia 4500008004100000082001300041100002200054245005000076250000600126260002800132300001400160500002400174650001800198230524s9999 xx 000 0 und d a658bPAT aKiran Kumar Patra 0aEnvironmental Engineering & Safety Management a1 aBhubaneswarbAlokc2013 axii;399p. aQuantity Number: 5 aEnvironmental